Countries by Lighthouse - Statistics

General Stats
  • This quiz has been taken 394 times
  • The average score is 6 of 20
Answer Stats
Lighthouse Country % Correct
Pharos of Alexandria Egypt
97%
Jeddah Light Saudi Arabia
70%
Enoshima Lighthouse Japan
66%
Schiermonnikoog Lighthouse Netherlands
43%
Eddystone Lighthouse United Kingdom
43%
Kołobrzeg Lighthouse Poland
33%
Cape Byron Lighthouse Australia
32%
Tower of Hercules Spain
29%
Louisbourg Lighthouse Canada
26%
Lindau Lighthouse Germany
26%
Slettnes Lighthouse Norway
21%
Kullen Lighthouse Sweden
17%
Kõpu Lighthouse Estonia
16%
Kovalam Lighthouse India
14%
Cikoneng Lighthouse Indonesia
14%
L'Agulhas Lighthouse South Africa
14%
Heceta Head Light United States
14%
Les Éclaireurs Lighthouse Argentina
9%
Cape Guardafui Lighthouse Somalia
6%
Cape Santa Maria Lighthouse Uruguay
4%
No matching quizzes found
Score Distribution
Percent of People with Each Score
Percentile by Number Answered
Your Score History
You have not taken this quiz